000 00324cam a22001097a 4500
008 180718b1972 xxu||||| |||| 00| 0 eng d
082 _aJ703x41 Un3 72
245 _aTown and country planning ( scotland) act 1972
_cby Her Majesty's
260 _aLondon
_bHer Majesty's
_c1972
300 _axiv,359p
700 _aU.K.Her Majesty's
999 _c415791
_d415791